[Event "39th TCh-GRE"]
[Site "Eretria GRE"]
[Date "2011.07.08"]
[Round "7.6"]
[White "Mladenov, Plamen"]
[Black "Kourousis, Epaminondas"]
[Result "1-0"]
[WhiteTitle "IM"]
[WhiteElo "2391"]
[BlackElo "2273"]
[WhiteTeam "Chess Academy Thes. Galaxias"]
[BlackTeam "SK. AK. Chalkidos Palamidis The Evvoefs"]
[WhiteFideId "2906198"]
[BlackFideId "4211626"]
[EventDate "2011.07.03"]

1. d4 Nf6 2. c4 e6 3. Nc3 Bb4 4. e3 d5 5. Nf3 O-O 6. Bd3 c5 7. O-O dxc4 8. Bxc4
b6 9. Qe2 Nbd7 10. Rd1 cxd4 11. exd4 Bb7 12. Bg5 Bxc3 13. bxc3 Qc7 14. Rac1 Rfe8
15. Bb3 Rad8 16. Ba4 Bc6 17. Bc2 e5 18. Bxf6 gxf6 19. d5 Bb7 20. Nh4 Nf8 21. Ba4
Re7 22. Nf5 Rxd5 23. Qh5 Ne6 24. Qh6 Rxd1+ 25. Rxd1 Be4 26. Nxe7+ Qxe7 27. Rd7
Qa3 28. Bb3 Bc6 29. Rd3 Be4 30. Rg3+ Bg6 31. Bxe6 fxe6 32. h4 Qf8 33. Qd2 Kh8
34. Qd7 Qe8 35. Qxa7 Qd8 36. Qa4 e4 37. Qd4 Qe7 38. Qxb6 1-0

[Event "39th TCh-GRE"]
[Site "Eretria GRE"]
[Date "2011.07.08"]
[Round "7.6"]
[White "Rigopoulos-Tsigkos, Alexandros"]
[Black "Kanakaris, Georgios"]
[Result "0-1"]
[WhiteElo "2041"]
[BlackElo "2281"]
[WhiteTeam "SK. AK. Chalkidos Palamidis The Evvoefs"]
[BlackTeam "Chess Academy Thes. Galaxias"]
[WhiteFideId "4215109"]
[BlackFideId "4209460"]
[EventDate "2011.07.03"]

1. e4 e6 2. d4 d5 3. Nd2 Nf6 4. e5 Nfd7 5. Bd3 c5 6. c3 Nc6 7. Ne2 cxd4 8. cxd4
f6 9. exf6 Nxf6 10. Nf3 Bd6 11. O-O O-O 12. Bg5 Qc7 13. Rc1 h6 14. Bh4 Nh5 15.
Bb1 g5 16. Bg3 Nxg3 17. hxg3 Qg7 18. Qd3 Rf6 19. Qe3 Bd7 20. Ne5 Bxe5 21. dxe5
Rf7 22. f4 Raf8 23. Rce1 Bc8 24. Rf3 g4 25. Rff1 b6 26. Nd4 Nxd4 27. Qxd4 Ba6
28. Rf2 h5 29. Qe3 Rd8 30. f5 d4 31. Qb3 d3 32. fxe6 Re7 33. Rd1 h4 34. Rf6 Qg5
35. Bxd3 Qe3+ 36. Kh1 Rxd3 37. Rxd3 Bxd3 38. Rg6+ Kh7 39. Rxg4 hxg3 40. Qc3 Qh6+ 0-1

[Event "39th TCh-GRE"]
[Site "Eretria GRE"]
[Date "2011.07.08"]
[Round "7.6"]
[White "Papathanasiou, Elisavet"]
[Black "Kouroumba, Maria"]
[Result "1-0"]
[WhiteElo "1884"]
[BlackElo "1454"]
[WhiteTeam "Chess Academy Thes. Galaxias"]
[BlackTeam "SK. AK. Chalkidos Palamidis The Evvoefs"]
[WhiteFideId "4222687"]
[BlackFideId "4263383"]
[EventDate "2011.07.03"]

1. d4 Nf6 2. Nf3 d5 3. Bf4 Bf5 4. Nbd2 Nc6 5. c3 e6 6. Nh4 Nh5 7. Nxf5 Nxf4 8.
Ng3 Bd6 9. e3 Ng6 10. Bd3 O-O 11. Qe2 Nce7 12. h4 Bxg3 13. fxg3 Nf5 14. Qf3 Qf6
15. O-O-O Nge7 16. g4 Nd6 17. Qg3 g6 18. g5 Qg7 19. h5 Nef5 20. Qf3 Rae8 21. g4
Ne7 22. Rh4 f5 23. hxg6 Qxg6 24. Rh6 Qxg5 25. Qh1 Rf7 26. gxf5 Nexf5 27. Rg1
Qxg1+ 28. Qxg1+ Rg7 29. Qh1 1-0

[Event "39th TCh-GRE"]
[Site "Eretria GRE"]
[Date "2011.07.08"]
[Round "7.6"]
[White "Tsounis, Serafim"]
[Black "Galopoulos, Nikolaos"]
[Result "0-1"]
[WhiteElo "1806"]
[BlackElo "2327"]
[WhiteTeam "SK. AK. Chalkidos Palamidis The Evvoefs"]
[BlackTeam "Chess Academy Thes. Galaxias"]
[WhiteFideId "4238346"]
[BlackFideId "4208951"]
[EventDate "2011.07.03"]

1. d4 Nf6 2. c4 e6 3. Nc3 Bb4 4. e3 c5 5. Bd3 Nc6 6. a3 Bxc3+ 7. bxc3 d6 8. Ne2
e5 9. e4 h6 10. O-O g5 11. d5 Ne7 12. Ng3 Bd7 13. Qf3 Ng6 14. Rb1 Bg4 15. Qe3
Qc7 16. f3 Bd7 17. Rf2 O-O-O 18. Rfb2 Kb8 19. Qf2 Bc8 20. a4 Nf4 21. Bf1 Rdg8
22. a5 Ka8 23. Nf5 N4h5 24. Rb5 g4 25. Kh1 gxf3 26. gxf3 Bxf5 27. exf5 Rb8 28.
Be3 e4 29. Bg2 Qe7 30. fxe4 Nxe4 31. Qf3 Nhf6 32. Bf4 Qd7 33. Bh3 Rhg8 34. Re1
Rge8 35. Rb2 Ng5 36. Bxg5 Rxe1+ 37. Kg2 hxg5 0-1

[Event "39th TCh-GRE"]
[Site "Eretria GRE"]
[Date "2011.07.08"]
[Round "7.7"]
[White "Argiroudis, Stamatis"]
[Black "Georgakopoulos, Nikolaos"]
[Result "1/2-1/2"]
[WhiteElo "2308"]
[BlackElo "2283"]
[WhiteTeam "OS Triandria"]
[BlackTeam "Chess Union Amfissa"]
[WhiteFideId "4202210"]
[BlackFideId "4210891"]
[EventDate "2011.07.03"]

1. d4 Nf6 2. Nf3 g6 3. c4 Bg7 4. Nc3 d6 5. h3 O-O 6. Bf4 c5 7. e3 Qa5 8. Qd2
cxd4 9. exd4 e5 10. dxe5 dxe5 11. Nb5 Qxd2+ 12. Bxd2 Nc6 13. Rc1 Nd7 14. c5 e4
15. Ng5 Bxb2 16. Rc2 Bg7 17. Nc7 Rb8 18. Nxe4 b6 19. cxb6 Rxb6 20. Rc1 Bb2 21.
Rb1 Be5 22. Rxb6 Nxb6 23. Nb5 Re8 24. Be3 Nb4 25. Bxb6 axb6 26. Bc4 Bf5 27. f3
Bg3+ 28. Kd2 Rc8 29. Bxf7+ Kxf7 30. Nxg3 Rc2+ 31. Ke3 Rxg2 32. Nxf5 gxf5 33. a3
Nd5+ 34. Kd4 Ne7 1/2-1/2

[Event "39th TCh-GRE"]
[Site "Eretria GRE"]
[Date "2011.07.08"]
[Round "7.7"]
[White "Zygouris, Hristos"]
[Black "Ilandzis, Spyridon"]
[Result "1-0"]
[WhiteElo "2240"]
[BlackElo "2135"]
[WhiteTeam "Chess Union Amfissa"]
[BlackTeam "OS Triandria"]
[WhiteFideId "4200292"]
[BlackFideId "4200276"]
[EventDate "2011.07.03"]

1. c4 b6 2. Nc3 e6 3. e4 Bb7 4. Nge2 Nf6 5. d3 c5 6. g3 h5 7. h3 h4 8. g4 Nc6 9.
Bg2 d6 10. Be3 Be7 11. a3 a6 12. f4 Rb8 13. O-O Qc7 14. Rc1 Ba8 15. Qa4 Qc8 16.
b4 O-O 17. g5 Nd7 18. Bf2 cxb4 19. axb4 b5 20. cxb5 axb5 21. Qb3 Nb6 22. Bxh4
Qd7 23. f5 Ne5 24. f6 Bd8 25. Nf4 Na4 26. fxg7 Kxg7 27. Nh5+ Kh8 28. Nf6 Bxf6
29. gxf6 Rg8 30. Qd1 Rg6 31. Rf4 Rc8 32. Qh5+ Kg8 33. Be1 Nxc3 34. Rxc3 Rxc3 35.
Bxc3 Qa7+ 36. d4 Qa2 37. Rf2 Qb1+ 38. Kh2 Nd3 39. Qxb5 Ne5 40. dxe5 Bxe4 41.
Qe8+ Kh7 42. Qxf7+ Kh8 43. Qf8+ Kh7 44. Qe7+ Kh8 45. f7 Kh7 1-0

[Event "39th TCh-GRE"]
[Site "Eretria GRE"]
[Date "2011.07.08"]
[Round "7.7"]
[White "Berzina, Ilze"]
[Black "Havlikova, Kristyna"]
[Result "1/2-1/2"]
[WhiteTitle "WGM"]
[BlackTitle "WIM"]
[WhiteElo "2307"]
[BlackElo "2280"]
[WhiteTeam "OS Triandria"]
[BlackTeam "Chess Union Amfissa"]
[WhiteFideId "11601345"]
[BlackFideId "309672"]
[EventDate "2011.07.03"]

1. e4 c5 2. Nf3 Nc6 3. Bb5 g6 4. O-O Bg7 5. Re1 e5 6. c3 Nge7 7. d4 cxd4 8. cxd4
exd4 9. Bg5 O-O 10. e5 Qa5 11. Na3 h6 12. Bxe7 Nxe7 13. Qxd4 d5 14. Rac1 a6 15.
Bd3 Nc6 16. Qf4 Re8 17. h4 Qb4 18. Qxb4 Nxb4 19. Bb1 Bg4 20. Nh2 Bf5 21. f4 Bxb1
22. Rxb1 Rac8 23. Rbd1 Red8 24. Nf3 Nxa2 25. Nd4 Nb4 26. g4 Nc6 27. Nf3 Bf8 28.
f5 Bc5+ 29. Kh1 gxf5 30. gxf5 Ne7 31. f6 Nf5 32. Rd2 Kh8 33. Rg2 Rg8 34. Rxg8+
Rxg8 35. e6 fxe6 36. Rxe6 Ng3+ 37. Kh2 Nf1+ 38. Kh1 Ng3+ 39. Kh2 Ne4 40. f7 Rf8
41. Ne5 Bd6 42. Kh3 Bxe5 43. Rxe5 Nf6 44. Re7 Kg7 45. Rxb7 Rxf7 46. Rb6 Rc7 47.
Kg3 d4 48. Kf3 a5 1/2-1/2

[Event "39th TCh-GRE"]
[Site "Eretria GRE"]
[Date "2011.07.08"]
[Round "7.7"]
[White "Habesi, Anastasia"]
[Black "Vafiadou, Asimenia"]
[Result "1/2-1/2"]
[WhiteElo "1687"]
[BlackElo "1641"]
[WhiteTeam "Chess Union Amfissa"]
[BlackTeam "OS Triandria"]
[WhiteFideId "4221311"]
[BlackFideId "4218914"]
[EventDate "2011.07.03"]

1. e4 Nf6 2. e5 Nd5 3. c4 Nb6 4. d4 d6 5. exd6 exd6 6. Nc3 Be7 7. Nf3 Bg4 8. h3
Bh5 9. Be2 O-O 10. O-O N8d7 11. b3 Nf6 12. d5 Re8 13. Bb2 Nbd7 14. Re1 Bf8 15.
Nd4 Bxe2 16. Ncxe2 Nc5 17. Ng3 Nce4 18. Ndf5 Nxg3 19. Nxg3 Qd7 20. Qf3 Rxe1+ 21.
Rxe1 Re8 22. Rxe8 Nxe8 23. Ne4 Qe7 24. Bc1 Qe5 25. Be3 a6 26. Ng5 Nf6 27. Qd1 g6
28. Nf3 Qe4 29. Bd4 Bg7 30. Qe1 b6 31. Kf1 Qxe1+ 32. Kxe1 Ne4 33. Bxg7 Kxg7 34.
Nd4 Nc3 35. a3 Ne4 36. Ke2 Nc5 1/2-1/2

[Event "39th TCh-GRE"]
[Site "Eretria GRE"]
[Date "2011.07.08"]
[Round "7.7"]
[White "Koutsoura, Georgia"]
[Black "Tsamantani, Eleni-Marina"]
[Result "1-0"]
[WhiteElo "1374"]
[BlackElo "1389"]
[WhiteTeam "OS Triandria"]
[BlackTeam "Chess Union Amfissa"]
[WhiteFideId "4247930"]
[BlackFideId "4249810"]
[EventDate "2011.07.03"]

1. d4 Nf6 2. Nf3 e6 3. Bf4 c5 4. e3 cxd4 5. exd4 Be7 6. Nbd2 d6 7. Bd3 b6 8. h3
Bb7 9. O-O O-O 10. c3 a6 11. Qe2 Nbd7 12. Rfe1 Re8 13. Rad1 h6 14. Ne4 Nb8 15.
Nxf6+ Bxf6 16. Qe3 Bxf3 17. Qxf3 Ra7 18. Qg3 g5 19. Bxd6 a5 20. Be5 Bxe5 21.
dxe5 Rd7 22. Qf3 Rf8 23. Qe4 f5 24. exf6 Rxf6 25. Be2 Qc7 26. Bg4 Re7 27. Qd3
Rd7 28. Qe4 Re7 29. Qd4 e5 30. Qd5+ Kg7 31. Qd3 Nc6 32. Qe3 Qa7 33. Rd2 b5 34.
Qxa7 Rxa7 35. Rd7+ Kg6 36. Rxa7 Nxa7 37. Rxe5 h5 38. Bf3 Rf7 39. Be2 Rb7 40.
Bd3+ Kh6 41. Re6+ Kg7 42. Rg6+ Kf7 43. Rxg5 b4 44. Rxa5 bxc3 45. bxc3 Nc6 46.
Rxh5 1-0

[Event "39th TCh-GRE"]
[Site "Eretria GRE"]
[Date "2011.07.08"]
[Round "7.7"]
[White "Megalios, Konstantinos"]
[Black "Konstantinidis, Konstantinos"]
[Result "1/2-1/2"]
[WhiteElo "2008"]
[BlackElo "1943"]
[WhiteTeam "Chess Union Amfissa"]
[BlackTeam "OS Triandria"]
[WhiteFideId "4238044"]
[BlackFideId "4216199"]
[EventDate "2011.07.03"]

1. d4 Nf6 2. Nf3 g6 3. c4 Bg7 4. Nc3 d6 5. Bf4 O-O 6. h3 Nc6 7. e3 Nd7 8. Be2 e5
9. Bh2 Re8 10. O-O b6 11. Rc1 Bb7 12. a3 a5 13. Nb5 Na7 14. Nxa7 Rxa7 15. b4
axb4 16. axb4 c5 17. dxc5 dxc5 18. bxc5 bxc5 19. Qb3 Bc6 20. Nd2 Qa8 21. e4 Ra3
22. Qc2 Ra2 23. Qc3 Ra3 24. Qc2 Ra2 25. Qc3 Ra3 26. Qc2 1/2-1/2

[Event "39th TCh-GRE"]
[Site "Eretria GRE"]
[Date "2011.07.08"]
[Round "7.7"]
[White "Tsaknakis, Zisis"]
[Black "Oikonomou, Panagiotis Ch."]
[Result "1/2-1/2"]
[WhiteElo "1579"]
[BlackElo "1496"]
[WhiteTeam "OS Triandria"]
[BlackTeam "Chess Union Amfissa"]
[WhiteFideId "4259963"]
[BlackFideId "4274180"]
[EventDate "2011.07.03"]

1. e4 d5 2. exd5 Qxd5 3. Nc3 Qd6 4. d4 Nf6 5. Nf3 a6 6. g3 Bg4 7. Bg2 e6 8. Bf4
Qb6 9. Qd2 Bxf3 10. Bxf3 Nbd7 11. O-O Be7 12. Na4 Qb5 13. b3 c6 14. c4 Qf5 15.
Rfe1 O-O 16. Bg2 Rac8 17. Rad1 Rfe8 18. h3 h6 19. Nb2 Bd8 20. Nd3 Bc7 21. Bxc7
Rxc7 22. g4 Qg6 23. f4 Rcc8 24. Ne5 Nxe5 25. dxe5 Nxg4 26. hxg4 Qxg4 27. Re4 h5
28. Rf1 Rcd8 29. Qf2 Qf5 30. Qh4 Rd7 31. Qg5 Qxg5 32. fxg5 Red8 33. Ref4 g6 34.
Rf6 Rf8 35. Bh3 Re8 36. Bg2 Kg7 37. a3 Ree7 38. Be4 Rd4 39. R6f4 Rd2 40. R1f2
Rxf2 41. Kxf2 Rd7 42. Ke2 Rd4 43. a4 Kg8 44. Rh4 Kf8 45. Ke3 Rd1 46. Rh1 Rd7 47.
Bf3 Ke7 48. Rd1 Rc7 49. c5 Rc8 50. Kd4 Ra8 51. Kc4 a5 52. Rd6 Ra6 53. b4 axb4
54. Kxb4 Ke8 55. a5 Ke7 56. Be2 Ra7 57. a6 h4 58. axb7 Rxb7+ 59. Kc3 h3 60. Bf3
h2 61. Rxc6 Rb1 62. Rc7+ Ke8 63. Bc6+ Kf8 64. Rc8+ Kg7 65. Be4 h1=Q 66. Bxh1
Rxh1 67. c6 Re1 68. Kd4 Rc1 69. c7 Rc2 70. Kd3 Rc6 71. Kd4 Rc2 72. Kd3 Rc6 73.
Kd2 Rc4 74. Ke3 Rc6 75. Kf4 Rc4+ 76. Ke3 Rc6 77. Kd4 Rc1 1/2-1/2

[Event "39th TCh-GRE"]
[Site "Eretria GRE"]
[Date "2011.07.08"]
[Round "7.8"]
[White "Istratescu, Andrei"]
[Black "Berg, Emanuel"]
[Result "1/2-1/2"]
[WhiteTitle "GM"]
[BlackTitle "GM"]
[WhiteElo "2645"]
[BlackElo "2604"]
[WhiteTeam "N.O. Kalamatas Poseidon"]
[BlackTeam "Ptolemaida Ptolemaios CC"]
[WhiteFideId "1200372"]
[BlackFideId "1704060"]
[EventDate "2011.07.03"]

1. d4 Nf6 2. c4 g6 3. Nc3 Bg7 4. e4 d6 5. f3 O-O 6. Be3 c5 7. Nge2 Nc6 8. d5 Ne5
9. Ng3 h5 10. Be2 h4 11. Nf1 e6 12. Nd2 exd5 13. cxd5 h3 14. g4 Bxg4 15. fxg4
Nfxg4 16. Bf4 Bh6 17. Bxe5 Nxe5 18. Nf3 Nxf3+ 19. Bxf3 Qh4+ 20. Ke2 b5 21. Rg1
b4 22. Rg4 Qf6 23. Na4 c4 24. Rg3 c3 25. bxc3 bxc3 26. Qc2 Bf4 27. Rxh3 Rac8 28.
Rf1 Rfe8 29. Bh1 Rc4 30. Rxc3 Rd4 31. Rc4 Rxd5 32. Rc8 Rxc8 33. Qxc8+ Kh7 34.
Rxf4 Qxf4 35. exd5 Qxh2+ 36. Kd3 Qxh1 37. Nc3 Qf3+ 38. Kc4 Qf4+ 39. Kb3 g5 40.
Qc4 Qf2 41. Qg4 Kg6 42. Qe4+ Kh5 43. a4 f5 44. Qe8+ Kg4 45. a5 Kf4 46. Qc6 Ke5
47. Qc7 Qc5 48. Qxc5 dxc5 49. Kc4 f4 50. Kxc5 f3 51. d6 f2 52. d7 f1=Q 53. d8=Q
Qf2+ 54. Kc6 Qf3+ 55. Nd5 g4 56. Qe7+ Kf5 57. Qxa7 g3 58. Qe3 Qf1 59. Qd2 Qa6+
60. Kc5 Qa7+ 61. Kc4 Qa6+ 62. Kb4 Qd6+ 63. Kb5 Qd7+ 64. Kc5 Qa7+ 65. Kc4 Qa6+
66. Kd4 Qa7+ 67. Kd3 Qa6+ 68. Kc2 Qc6+ 69. Kd1 Ke5 70. Ne3 Qh1+ 71. Qe1 Qf3+ 72.
Qe2 Qh1+ 73. Kd2 Qb1 74. Qh5+ Kd6 75. Qd5+ Kc7 76. Qc5+ Kb7 77. Ke2 Qa2+ 78. Kf3
Qf2+ 79. Kg4 g2 80. Qb6+ Ka8 81. Qc6+ Ka7 82. Nxg2 Qe2+ 83. Kf4 Qd2+ 84. Ne3
Qxa5 85. Nc4 Qb4 86. Qc7+ Ka8 87. Qc6+ Ka7 88. Ke4 1/2-1/2

[Event "39th TCh-GRE"]
[Site "Eretria GRE"]
[Date "2011.07.08"]
[Round "7.8"]
[White "Theodoulidis, Theodoros"]
[Black "Edouard, Romain"]
[Result "0-1"]
[BlackTitle "GM"]
[WhiteElo "2196"]
[BlackElo "2587"]
[WhiteTeam "Ptolemaida Ptolemaios CC"]
[BlackTeam "N.O. Kalamatas Poseidon"]
[WhiteFideId "4200810"]
[BlackFideId "633429"]
[EventDate "2011.07.03"]

1. e4 c5 2. Nf3 d6 3. d4 cxd4 4. Nxd4 Nf6 5. Nc3 Nc6 6. Bg5 e6 7. Qd2 a6 8.
O-O-O Bd7 9. f4 b5 10. Nxc6 Bxc6 11. Bd3 b4 12. Nd5 exd5 13. exd5 Bb5 14. Qe2+
Be7 15. Bxf6 gxf6 16. Rhe1 h5 17. Bxb5+ axb5 18. Qxb5+ Kf8 19. f5 Rxa2 20. Qb7
Ra1+ 21. Kd2 Rxd1+ 22. Kxd1 Rg8 23. g3 Rg4 24. Kd2 Rd4+ 25. Ke3 Rc4 26. Kd3 Qc7
27. Qa8+ Qc8 28. Qxc8+ Rxc8 29. c4 bxc3 30. bxc3 Rc5 31. c4 Ra5 32. Re4 Ra3+ 33.
Kd4 Rf3 34. Rf4 Rxf4+ 35. gxf4 Ke8 36. Ke4 Kd7 37. Kf3 Kc7 38. Kg3 Kb6 39. Kh4
Kc5 40. Kxh5 Bf8 0-1

[Event "39th TCh-GRE"]
[Site "Eretria GRE"]
[Date "2011.07.08"]
[Round "7.8"]
[White "Tsekouras, Theodoros"]
[Black "Lagopatis, Nikolaos"]
[Result "1/2-1/2"]
[WhiteElo "2223"]
[BlackElo "2181"]
[WhiteTeam "N.O. Kalamatas Poseidon"]
[BlackTeam "Ptolemaida Ptolemaios CC"]
[WhiteFideId "4203402"]
[BlackFideId "4200489"]
[EventDate "2011.07.03"]

1. d4 d6 2. Nf3 f5 3. g3 Nf6 4. Bg2 c6 5. O-O g6 6. b3 Bg7 7. Bb2 O-O 8. Nbd2 a5
9. c4 a4 10. Qc2 Na6 11. Bc3 axb3 12. axb3 Bd7 13. b4 h6 14. Rfe1 Qe8 15. e4
fxe4 16. Nxe4 Qf7 17. Nxf6+ Qxf6 18. Rac1 Rae8 19. Re3 Qf7 20. Qe2 g5 21. Re1 g4
22. Nd2 Nc7 23. f4 Qg6 24. Be4 Bf5 25. Bxf5 Qxf5 26. Ne4 b5 27. Bb2 Kh7 28. c5
dxc5 29. dxc5 Bxb2 30. Qxb2 Ra8 31. Nf2 Nd5 32. Re5 Qg6 33. Qe2 Rg8 34. f5 Qg7
35. Qe4 Kh8 36. Re6 Nf6 37. Qxc6 Qg5 38. Rxe7 Qxf5 39. Ne4 Raf8 40. Nxf6 Rxf6
41. Qg2 Rgf8 42. R7e4 Qd7 43. Qb2 Qg7 44. Qe5 Kh7 45. Rf4 Qg6 46. Rxf6 Rxf6 47.
Qe4 h5 48. Rf1 Ra6 49. Rc1 Rc6 50. Kf2 1/2-1/2

[Event "39th TCh-GRE"]
[Site "Eretria GRE"]
[Date "2011.07.08"]
[Round "7.8"]
[White "Cramling, Pia"]
[Black "Makropoulou, Marina"]
[Result "1-0"]
[WhiteTitle "GM"]
[BlackTitle "WGM"]
[WhiteElo "2472"]
[BlackElo "2282"]
[WhiteTeam "Ptolemaida Ptolemaios CC"]
[BlackTeam "N.O. Kalamatas Poseidon"]
[WhiteFideId "1700030"]
[BlackFideId "4200187"]
[EventDate "2011.07.03"]

1. d4 d5 2. Nf3 Nf6 3. c4 dxc4 4. e3 e6 5. Bxc4 c5 6. Qe2 Nc6 7. O-O a6 8. dxc5
Bxc5 9. Rd1 Qc7 10. Nbd2 Bd6 11. Bd3 O-O 12. a3 b5 13. Nb3 Bb7 14. Bd2 Ne5 15.
Nxe5 Bxe5 16. f4 Bd6 17. Rac1 Qe7 18. Na5 Be4 19. Bc3 Bd5 20. e4 Qa7+ 21. Kh1
Bxf4 22. exd5 Bxc1 23. Rxc1 Nxd5 24. Qe4 g6 25. Bd4 Qd7 26. Nb3 Rfe8 27. Nc5 Qe7
28. Re1 Qg5 29. Rf1 Rad8 30. Qf3 f5 31. Nb7 Rd7 32. Nc5 Rdd8 33. Nxa6 Nf4 34.
Bxb5 Rxd4 35. Bxe8 Rd3 36. Qf2 Nd5 37. Nc5 Rd2 38. Qg3 Qe7 39. Nb3 Rxb2 40. Qb8
Qxa3 41. Bd7+ Kg7 42. Bxe6 Qxb3 43. Qe5+ Kh6 44. Bxd5 Qc2 45. Qe3+ Kg7 46. Qe7+
Kh6 47. Qf8+ 1-0

[Event "39th TCh-GRE"]
[Site "Eretria GRE"]
[Date "2011.07.08"]
[Round "7.8"]
[White "Filopoulou, Aggeliki"]
[Black "Alexiou, Dimitra"]
[Result "1-0"]
[WhiteElo "1492"]
[BlackElo "1593"]
[WhiteTeam "N.O. Kalamatas Poseidon"]
[BlackTeam "Ptolemaida Ptolemaios CC"]
[WhiteFideId "4219473"]
[BlackFideId "4239083"]
[EventDate "2011.07.03"]

1. e4 e5 2. Nf3 Nc6 3. Bc4 Bc5 4. c3 Nf6 5. d3 h6 6. Nbd2 O-O 7. O-O Qe7 8. h3
Rd8 9. Qe2 a6 10. Bb3 d6 11. Re1 Nh5 12. Nf1 Qf6 13. d4 exd4 14. e5 dxe5 15.
Nxe5 Nxe5 16. Qxe5 dxc3 17. Qxc5 cxb2 18. Bxb2 Qxb2 19. Qxh5 Qf6 20. Rac1 c6 21.
Re5 g6 22. Qe2 Bf5 23. Ng3 Bd3 24. Qe3 Rac8 25. Re7 Rf8 26. Re1 Bf5 27. Qxh6 Be6
28. R1xe6 1-0

[Event "39th TCh-GRE"]
[Site "Eretria GRE"]
[Date "2011.07.08"]
[Round "7.8"]
[White "Moutzouris, Iason"]
[Black "Kosmidis, Ioannis"]
[Result "1/2-1/2"]
[WhiteElo "1718"]
[BlackElo "1754"]
[WhiteTeam "N.O. Kalamatas Poseidon"]
[BlackTeam "Ptolemaida Ptolemaios CC"]
[WhiteFideId "4219740"]
[BlackFideId "4253876"]
[EventDate "2011.07.03"]

1. e4 c5 2. Nf3 e6 3. d4 cxd4 4. Nxd4 a6 5. Nc3 Qc7 6. a3 b5 7. Bd3 Bb7 8. O-O
Nf6 9. Kh1 Nc6 10. Be3 Be7 11. f4 d6 12. Qf3 Na5 13. Qg3 Nc4 14. Rab1 Rc8 15.
Rfd1 Nxa3 16. bxa3 Qxc3 17. Rb3 Qc7 18. e5 Nd5 19. Bc1 g6 20. Bb2 dxe5 21. Nxb5
Qd7 22. Bxe5 f6 23. c4 fxe5 24. cxd5 Bxd5 25. Rbb1 e4 26. Be2 O-O 27. Nc3 Bf6
28. Nxe4 Qc6 29. Nxf6+ Rxf6 30. Bd3 Rcf8 31. Rf1 Qd6 32. Rf2 Qxa3 33. Rbf1 Qd6
34. Qe3 a5 35. Kg1 a4 36. g3 a3 37. Bb1 Ra8 38. Ba2 Rff8 39. Ra1 Rfb8 40. Bxd5
Qxd5 41. Rxa3 Rxa3 42. Qxa3 Rb1+ 43. Rf1 Rxf1+ 44. Kxf1 Qh1+ 45. Kf2 Qxh2+ 46.
Kf3 Qh1+ 47. Kf2 Qd5 48. Qe7 Qf5 49. Qe8+ Kg7 50. Qd7+ Qf7 51. Qd4+ Kg8 52. Qd8+
Qf8 53. Qd4 h5 54. Qe5 Qe7 55. Qd4 h4 56. gxh4 Qxh4+ 57. Kf3 Qh5+ 58. Kf2 Qd5
59. Qf6 Qf5 60. Qd8+ Kg7 61. Qd4+ Kh7 62. Qa7+ Kh6 63. Kg3 g5 64. Qd4 Kg6 65.
fxg5 Qxg5+ 66. Kf3 Qf5+ 67. Kg3 e5 68. Qg4+ Qxg4+ 69. Kxg4 Kf6 70. Kf3 Kf5 71.
Ke3 e4 72. Ke2 Kf4 73. Kf2 e3+ 74. Ke2 Ke4 75. Ke1 1/2-1/2

[Event "39th TCh-GRE"]
[Site "Eretria GRE"]
[Date "2011.07.08"]
[Round "7.9"]
[White "Berzinsh, Roland"]
[Black "Kryvoruchko, Yuriy"]
[Result "1/2-1/2"]
[WhiteTitle "IM"]
[BlackTitle "GM"]
[WhiteElo "2434"]
[BlackElo "2652"]
[WhiteTeam "Ilioupolis CC"]
[BlackTeam "Chania Chess Academy"]
[WhiteFideId "11600357"]
[BlackFideId "14109182"]
[EventDate "2011.07.03"]

1. e4 c5 2. Nf3 Nc6 3. Bb5 d6 4. O-O Bd7 5. Re1 Nf6 6. h3 a6 7. Bf1 e5 8. c3 Be7
9. d4 O-O 10. Na3 b5 11. Nc2 h6 12. b3 Re8 13. a4 bxa4 14. bxa4 cxd4 15. cxd4
exd4 16. Ncxd4 d5 17. exd5 Nb4 18. Nc6 Nxc6 19. dxc6 Bxc6 20. Qxd8 Bxd8 21.
Rxe8+ Bxe8 22. a5 Ne4 23. Be3 Nc3 24. Bb6 Bb5 25. Bxb5 Nxb5 26. Bxd8 Rxd8 27.
Rc1 f6 28. Rc6 Rd6 29. Rb6 g5 30. Kf1 Kf7 31. Rxd6 Nxd6 32. Nd4 Nb7 33. Nc6 Ke6
34. Nb4 Nc5 35. Ke2 f5 36. Ke3 f4+ 37. Kd4 Nb3+ 38. Ke4 Nc5+ 39. Kd4 Nb3+ 40.
Ke4 Nc5+ 1/2-1/2

[Event "39th TCh-GRE"]
[Site "Eretria GRE"]
[Date "2011.07.08"]
[Round "7.9"]
[White "Tsarouhas, Konstantinos"]
[Black "Gogolis, Alexandros"]
[Result "1/2-1/2"]
[BlackTitle "FM"]
[WhiteElo "2207"]
[BlackElo "2261"]
[WhiteTeam "Chania Chess Academy"]
[BlackTeam "Ilioupolis CC"]
[WhiteFideId "4201094"]
[BlackFideId "4202066"]
[EventDate "2011.07.03"]

1. d4 Nf6 2. Nf3 d5 3. c4 c6 4. Nc3 a6 5. g3 Bf5 6. Bg2 e6 7. O-O Nbd7 8. cxd5
cxd5 9. Qb3 Qb6 10. Bd2 Be7 11. Rfc1 O-O 12. Na4 Qxb3 13. axb3 Rfc8 14. b4 b6
15. Be1 Be4 16. Ne5 Bxg2 17. Nxd7 Nxd7 18. Kxg2 Kf8 19. e3 Ke8 20. Kf1 Kd8 21.
Ke2 Rxc1 22. Rxc1 Rc8 23. Rxc8+ Kxc8 24. b3 Kc7 25. Nb2 Kc6 26. Nd1 h5 27. f3
Nb8 28. h3 Kd7 29. Nb2 Nc6 30. Nd3 Bd6 31. g4 hxg4 32. hxg4 g6 33. Bc3 f5 34.
gxf5 gxf5 35. Kf2 Ke7 36. Ke2 Kf6 37. f4 Kg6 38. Kf3 Kh5 39. Be1 Be7 40. Kg2 Kg4
41. Nf2+ Kh5 42. Nd3 Bd6 43. Kh3 1/2-1/2

[Event "39th TCh-GRE"]
[Site "Eretria GRE"]
[Date "2011.07.08"]
[Round "7.9"]
[White "Ignatiadis, Konstantinos"]
[Black "Naoum, Spyridon"]
[Result "1-0"]
[WhiteElo "2133"]
[BlackElo "1999"]
[WhiteTeam "Ilioupolis CC"]
[BlackTeam "Chania Chess Academy"]
[WhiteFideId "4203100"]
[BlackFideId "4227506"]
[EventDate "2011.07.03"]

1. Nf3 Nf6 2. c4 g6 3. Nc3 d5 4. cxd5 Nxd5 5. g3 Nxc3 6. bxc3 Bg7 7. Bg2 O-O 8.
O-O c5 9. Rb1 Nc6 10. Ba3 Qa5 11. Qc1 Rb8 12. c4 a6 13. d3 Bg4 14. Bb2 e5 15. a3
Rfe8 16. h3 Bf5 17. g4 Bd7 18. Bc3 Qc7 19. e3 f5 20. Nh2 Rbd8 21. Bd5+ Be6 22.
e4 Bxd5 23. cxd5 Nd4 24. Qd2 fxe4 25. Ba5 Bh6 26. Qxh6 Ne2+ 27. Kh1 1-0

[Event "39th TCh-GRE"]
[Site "Eretria GRE"]
[Date "2011.07.08"]
[Round "7.9"]
[White "Videnova, Iva"]
[Black "Ungure, Liga"]
[Result "1-0"]
[WhiteTitle "WGM"]
[BlackTitle "WFM"]
[WhiteElo "2353"]
[BlackElo "2101"]
[WhiteTeam "Chania Chess Academy"]
[BlackTeam "Ilioupolis CC"]
[WhiteFideId "2907763"]
[BlackFideId "11600330"]
[EventDate "2011.07.03"]

1. e4 c5 2. Nf3 d6 3. d4 cxd4 4. Nxd4 Nf6 5. Nc3 Nc6 6. Bg5 e6 7. Qd2 Be7 8.
O-O-O O-O 9. f3 Nxd4 10. Qxd4 Qa5 11. Qd2 a6 12. Kb1 Qc7 13. g4 Rd8 14. h4 d5
15. e5 Ne8 16. Bxe7 Qxe7 17. g5 Bd7 18. Bd3 Nc7 19. h5 Nb5 20. Ne2 a5 21. Rdg1
Be8 22. g6 fxg6 23. hxg6 h6 24. Rxh6 gxh6 25. g7 Qxg7 26. Rxg7+ Kxg7 27. Qf4 Nc7
28. Qf6+ Kg8 29. Nf4 Bf7 30. Qxh6 Rd7 31. Bh7+ Kh8 32. Bg6+ Kg8 33. Qh7+ Kf8 34.
Bxf7 Rxf7 35. Ng6+ Ke8 36. Qg8+ Kd7 37. Qxf7+ Kc6 38. Nf8 1-0